[Event "26th WSCC 2016 Open 65+"]
[Site "Marianske Lazne, Czech Republic - Hotel Cristal and Continental"]
[Date "2016.11.20"]
[Round "2.3"]
[White "Tchetchelnitski, Boris"]
[Black "Zhelnin, Vladimir V"]
[Result "0-1"]
[WhiteElo "2144"]
[BlackElo "2453"]
[PlyCount "76"]
[EventDate "2016.11.19"]

1. Nf3 Nf6 2. g3 g6 3. Bg2 Bg7 4. O-O O-O 5. d4 d6 6. c4 Nbd7 7. Nc3 e5 8. dxe5
dxe5 9. Qc2 Re8 10. Rd1 c6 11. b3 e4 12. Nd4 Qe7 13. a4 a5 14. Ba3 Qe5 15. e3
Bf8 16. Bxf8 Kxf8 17. Nce2 Nc5 18. h3 h5 19. Qc3 Kg8 20. b4 axb4 21. Qxb4 h4
22. gxh4 Nd3 23. Qc3 Qh5 24. Nf4 Nxf4 25. exf4 Rxa4 26. Re1 Rxa1 27. Rxa1 Qxh4
28. Ne2 e3 29. fxe3 Bxh3 30. Bxh3 Qxh3 31. Qxf6 Qxe3+ 32. Kh1 Qf3+ 33. Kg1 Qxe2
34. f5 Qg4+ 35. Kh1 Qxc4 36. fxg6 Qe4+ 37. Kh2 Qe5+ 38. Qxe5 Rxe5 0-1

[Event "26th WSCC 2016 Open 65+"]
[Site "Marianske Lazne, Czech Republic - Hotel Cristal and Continental"]
[Date "2016.11.20"]
[Round "2.4"]
[White "Okhotnik, Vladimir"]
[Black "Kende, Gyorgy Dr"]
[Result "1/2-1/2"]
[WhiteElo "2434"]
[BlackElo "2145"]
[PlyCount "98"]
[EventDate "2016.11.19"]

1. e4 e5 2. Nf3 Nc6 3. d4 exd4 4. Bc4 Nf6 5. e5 d5 6. Bb5 Ne4 7. Nxd4 Bc5 8.
Be3 Bxd4 9. Qxd4 O-O 10. Bxc6 bxc6 11. Nc3 f5 12. f3 Ng5 13. Bxg5 Qxg5 14. f4
Qh4+ 15. g3 Qe7 16. Na4 Rb8 17. Nc5 Rxb2 18. Qxb2 Qxc5 19. O-O-O Ba6 20. Rhe1
Bc4 21. e6 Re8 22. Re5 h6 23. Rde1 Bd3 24. Kb1 Be4 25. Ka1 a5 26. c3 Qd6 27. c4
Kh7 28. Rc1 Rxe6 29. cxd5 Bxd5 30. Rxe6 Qxe6 31. Qe5 Qf7 32. Rc3 Qh5 33. Rc2
Qd1+ 34. Kb2 Be4 35. Rc4 a4 36. Rxe4 fxe4 37. Qxe4+ Kh8 38. Qe8+ Kh7 39. Qxc6
Qd2+ 40. Qc2+ Qxc2+ 41. Kxc2 Kg6 42. Kc3 Kf5 43. Kb4 Ke4 44. Kxa4 c5 45. Kb3
Kd3 46. Kb2 Kd2 47. Kb3 Kd3 48. Kb2 Kd2 49. Kb3 Kd3 1/2-1/2

[Event "26th WSCC 2016 Open 65+"]
[Site "Marianske Lazne, Czech Republic - Hotel Cristal and Continental"]
[Date "2016.11.20"]
[Round "2.6"]
[White "Vasiukov, Evgeni"]
[Black "Mlynek, Petr"]
[Result "1/2-1/2"]
[WhiteElo "2405"]
[BlackElo "2139"]
[PlyCount "47"]
[EventDate "2016.11.19"]

1. e4 c6 2. b3 d5 3. Bb2 dxe4 4. Nc3 Nf6 5. Nge2 Bf5 6. Ng3 Bg6 7. h4 h5 8. Qe2
e6 9. Ngxe4 Be7 10. g3 Nbd7 11. Ng5 O-O 12. Bg2 Nd5 13. Nce4 N7f6 14. O-O Nxe4
15. Nxe4 Nf6 16. d3 Nxe4 17. dxe4 Qa5 18. a3 Rfd8 19. b4 Qb5 20. c4 Qa4 21. g4
Qb3 22. g5 Qd3 23. Rae1 a5 24. bxa5 1/2-1/2

[Event "26th WSCC 2016 Open 65+"]
[Site "Marianske Lazne, Czech Republic - Hotel Cristal and Continental"]
[Date "2016.11.20"]
[Round "2.7"]
[White "Komljenovic, Davorin"]
[Black "Vrabec, Milos"]
[Result "1-0"]
[WhiteElo "2375"]
[BlackElo "2138"]
[PlyCount "56"]
[EventDate "2016.11.19"]

1. d4 d5 2. c4 c6 3. Nf3 e6 4. Qc2 f5 5. g3 Nf6 6. Bg2 Be7 7. O-O O-O 8. b3 b6
9. Ba3 Bxa3 10. Nxa3 Qe7 11. Qb2 Bb7 12. Rac1 a5 13. Ne5 Na6 14. Rfd1 Rfc8 15.
e3 c5 16. Nb5 Nc7 17. Nc3 cxd4 18. exd4 Ne4 19. Na4 Ra6 20. Bf1 dxc4 21. bxc4
Qb4 22. Qc2 Qe7 23. f3 Ng5 24. Qb3 Qb4 25. d5 Qxb3 26. axb3 Nf7 27. f4 Nxe5 28.
fxe5 Rd8 1-0

[Event "26th WSCC 2016 Open 65+"]
[Site "Marianske Lazne, Czech Republic - Hotel Cristal and Continental"]
[Date "2016.11.20"]
[Round "2.8"]
[White "Beltz, Robert"]
[Black "Kakageldyev, Amanmurad"]
[Result "0-1"]
[WhiteElo "2135"]
[BlackElo "2373"]
[PlyCount "54"]
[EventDate "2016.11.19"]

1. Nf3 g6 2. c4 Bg7 3. Nc3 d6 4. d4 Bg4 5. h3 Bxf3 6. exf3 Nc6 7. Be3 e5 8.
dxe5 Bxe5 9. f4 Bxc3+ 10. bxc3 Qf6 11. Qb3 Nge7 12. Bd3 O-O 13. O-O b6 14. Be4
Na5 15. Qc2 Rad8 16. Qd3 Nf5 17. Bd2 c6 18. Rad1 Nxc4 19. Qxc4 d5 20. Bxd5 Rxd5
21. Be3 Rfd8 22. Rxd5 Rxd5 23. Re1 Qd6 24. Qe4 Qe6 25. Qc2 h5 26. Re2 Qd7 27.
Rd2 Nxe3 0-1

[Event "26th WSCC 2016 Open 65+"]
[Site "Marianske Lazne, Czech Republic - Hotel Cristal and Continental"]
[Date "2016.11.20"]
[Round "2.9"]
[White "Birnboim, Nathan"]
[Black "Agzamov, Valeriy"]
[Result "1-0"]
[WhiteElo "2365"]
[BlackElo "2137"]
[PlyCount "69"]
[EventDate "2016.11.19"]

1. d4 Nf6 2. c4 g6 3. g3 Bg7 4. Bg2 O-O 5. Nc3 d6 6. Nf3 c5 7. O-O Nc6 8. d5
Na5 9. Nd2 e5 10. e4 Ng4 11. a3 b6 12. b4 Nb7 13. Nb3 f5 14. exf5 gxf5 15. f3
Nh6 16. Bd2 Nf7 17. Rc1 Bd7 18. f4 Rc8 19. Nb5 Bxb5 20. cxb5 c4 21. Na1 exf4
22. gxf4 Nh6 23. Bc3 Rf7 24. Bxg7 Rxg7 25. Nc2 Qh4 26. Qe1 Qxe1 27. Rcxe1 Kf7
28. Kh1 Rcg8 29. Bf3 Nd8 30. Nd4 Kf6 31. Nc6 Ng4 32. h3 Nh6 33. Nxd8 Rxd8 34.
Re6+ Kf7 35. Rxh6 1-0

[Event "26th WSCC 2016 Open 65+"]
[Site "Marianske Lazne, Czech Republic - Hotel Cristal and Continental"]
[Date "2016.11.20"]
[Round "2.10"]
[White "Lang, Ferdinand"]
[Black "Harandi, Khosro"]
[Result "0-1"]
[WhiteElo "2133"]
[BlackElo "2354"]
[PlyCount "86"]
[EventDate "2016.11.19"]

1. e4 e5 2. Nf3 Nc6 3. Bb5 a6 4. Ba4 Nf6 5. O-O b5 6. Bb3 Bc5 7. d3 d6 8. h3
Na5 9. Nc3 Nxb3 10. axb3 b4 11. Ne2 Bb6 12. Bd2 c5 13. c3 Rb8 14. c4 h6 15. Ng3
a5 16. Qe2 Nh7 17. Nh2 Ng5 18. f4 Ne6 19. f5 Nd4 20. Qd1 h5 21. Be3 Qh4 22.
Bxd4 cxd4 23. Qe1 Qg5 24. Nf3 Qf6 25. Qd2 Bd7 26. h4 Bd8 27. Ne2 Rg8 28. Kh2
Ra8 29. Neg1 g6 30. fxg6 Qxg6 31. Qf2 Bg4 32. c5 dxc5 33. Rac1 Be7 34. Nxe5 Bd6
35. Rxc5 Qe6 36. Qxd4 f6 37. Qc4 Qxc4 38. Rxc4 Bxe5+ 39. Kh1 Bxb2 40. Rf2 Bc3
41. Ne2 Bxe2 42. Rxe2 Rg4 43. Kg1 Rd8 0-1

[Event "26th WSCC 2016 Open 65+"]
[Site "Marianske Lazne, Czech Republic - Hotel Cristal and Continental"]
[Date "2016.11.20"]
[Round "2.11"]
[White "Renman, Nils-Gustaf"]
[Black "Giulian, Philip M"]
[Result "0-1"]
[WhiteElo "2352"]
[BlackElo "2133"]
[PlyCount "122"]
[EventDate "2016.11.19"]

1. d4 d5 2. Nf3 Nf6 3. c4 c6 4. Nc3 a6 5. c5 Bf5 6. Bf4 Nbd7 7. e3 Nh5 8. Bd3
Nxf4 9. exf4 Bg4 10. h3 Bxf3 11. Qxf3 g6 12. f5 Bg7 13. O-O-O O-O 14. Bc2 e5
15. dxe5 Nxe5 16. Qg3 Qf6 17. f4 Nc4 18. Bb3 Qxf5 19. Bxc4 dxc4 20. Na4 Rad8
21. Qf3 Rd3 22. Rxd3 cxd3 23. g4 Qd7 24. Kd2 Qd4 25. b3 Re8 26. Qxd3 Qxf4+ 27.
Kc2 Qf2+ 28. Kb1 Qf6 29. Kc2 Rd8 30. Qe3 Rd5 31. Re1 Bf8 32. b4 Rd4 33. Kb3 Qd8
34. Nb2 a5 35. bxa5 Qd5+ 36. Kc2 Qxc5+ 37. Qc3 Qd5 38. Re8 Kg7 39. Re2 Bb4 40.
Qe3 Bxa5 41. Qe5+ Qxe5 42. Rxe5 b6 43. Re3 h5 44. gxh5 gxh5 45. Kb3 Rb4+ 46.
Kc2 Kg6 47. Nd3 Rc4+ 48. Kb2 Bc3+ 49. Kb3 b5 50. Rf3 Bg7 51. Rg3+ Kh6 52. Ne1
Be5 53. Re3 Bf4 54. Re2 Bd6 55. Nf3 Rf4 56. Re3 c5 57. Nd2 Rb4+ 58. Kc2 Bf4 59.
Rd3 Bxd2 60. Rxd2 Rc4+ 61. Kb2 f5 0-1

[Event "26th WSCC 2016 Open 65+"]
[Site "Marianske Lazne, Czech Republic - Hotel Cristal and Continental"]
[Date "2016.11.20"]
[Round "2.12"]
[White "Gundersen, Helge"]
[Black "Plachetka, Jan"]
[Result "0-1"]
[WhiteElo "2120"]
[BlackElo "2348"]
[PlyCount "92"]
[EventDate "2016.11.19"]

1. e4 c5 2. Nc3 Nc6 3. f4 g6 4. Nf3 Bg7 5. Bb5 d6 6. Bxc6+ bxc6 7. d3 Rb8 8.
O-O Nf6 9. Qe1 O-O 10. Kh1 e6 11. e5 Ne8 12. Ne4 f5 13. Nc3 Nc7 14. b3 Nb5 15.
Be3 Nd4 16. Nxd4 cxd4 17. Bxd4 c5 18. Bg1 Bb7 19. d4 cxd4 20. Bxd4 Rc8 21. Rf2
Qa5 22. Na4 Qd5 23. Rd1 Rfd8 24. Bc5 Qe4 25. Qxe4 Bxe4 26. Rxd6 g5 27. Rxd8+
Rxd8 28. Bd6 gxf4 29. h3 Kf7 30. c4 Bh6 31. Nc3 Rg8 32. Ne2 f3 33. gxf3 Be3 34.
Rf1 Bd3 35. Re1 Bf2 36. Nf4 Bxe1 37. Nxd3 Bc3 38. c5 Bd4 39. Kh2 Bg1+ 40. Kh1
Be3 41. Kh2 f4 42. b4 Rg3 43. c6 Ke8 44. Bc5 Rxf3 45. Bxe3 fxe3 46. Nc5 Ke7 0-1

[Event "26th WSCC 2016 Open 65+"]
[Site "Marianske Lazne, Czech Republic - Hotel Cristal and Continental"]
[Date "2016.11.20"]
[Round "2.13"]
[White "Pritchett, Craig W"]
[Black "Karmov, Mazhmudin"]
[Result "1-0"]
[WhiteElo "2338"]
[BlackElo "2122"]
[PlyCount "87"]
[EventDate "2016.11.19"]

1. c4 e5 2. Nc3 d6 3. g3 f5 4. Bg2 Nf6 5. d4 exd4 6. Qxd4 Nc6 7. Qd2 g6 8. b3
Bg7 9. Bb2 O-O 10. Nh3 h6 11. Nf4 g5 12. Nfd5 Ne8 13. h4 g4 14. Nf4 Kh7 15. Nh5
Ne7 16. Nxg7 Nxg7 17. O-O-O Nh5 18. e3 Nc6 19. c5 dxc5 20. Qc2 Qe8 21. Nd5 Nb4
22. Qxc5 Nxd5 23. Rxd5 c6 24. Re5 Be6 25. e4 Ng7 26. exf5 Nxf5 27. Rhe1 Ng7 28.
Qe3 Qf7 29. Rxe6 Nxe6 30. Qxe6 Qxe6 31. Rxe6 Rxf2 32. Be4+ Kg8 33. Rxh6 Rf1+
34. Kc2 Rf2+ 35. Kc1 Rf1+ 36. Kc2 Rf2+ 37. Kc3 Re8 38. Rg6+ Kf7 39. Rxg4 Re5
40. h5 b5 41. h6 b4+ 42. Kd4 Rxe4+ 43. Kxe4 Rxb2 44. h7 1-0

[Event "26th WSCC 2016 Open 65+"]
[Site "Marianske Lazne, Czech Republic - Hotel Cristal and Continental"]
[Date "2016.11.20"]
[Round "2.14"]
[White "Janda, Zdenek"]
[Black "Rooze, Jan"]
[Result "1/2-1/2"]
[WhiteElo "2114"]
[BlackElo "2335"]
[PlyCount "38"]
[EventDate "2016.11.19"]

1. d4 d6 2. c4 e5 3. dxe5 dxe5 4. Qxd8+ Kxd8 5. Nc3 Be6 6. e4 Nd7 7. Nf3 f6 8.
Be3 c6 9. O-O-O Kc7 10. Kc2 Ne7 11. h4 Nc8 12. Be2 Ncb6 13. Nd2 a5 14. f4 Bc5
15. Bxc5 Nxc5 16. f5 Bf7 17. g4 Nc8 18. Rhg1 Nd6 19. b3 h6 1/2-1/2

[Event "26th WSCC 2016 Open 65+"]
[Site "Marianske Lazne, Czech Republic - Hotel Cristal and Continental"]
[Date "2016.11.20"]
[Round "2.15"]
[White "Maryasin, Boris"]
[Black "Mojzis, Jaroslav"]
[Result "1/2-1/2"]
[WhiteElo "2331"]
[BlackElo "2116"]
[PlyCount "65"]
[EventDate "2016.11.19"]

1. e4 e5 2. Nf3 Nc6 3. d4 exd4 4. Nxd4 Nf6 5. Nxc6 bxc6 6. e5 Qe7 7. Qe2 Nd5 8.
c4 Ba6 9. Nd2 Nb6 10. b3 Qe6 11. Qe4 d5 12. exd6 Qxe4+ 13. Nxe4 cxd6 14. Be3 f5
15. Ng3 Bc8 16. Bd3 g6 17. O-O-O Bg7 18. Be2 O-O 19. f4 d5 20. Bf3 Be6 21. Rhe1
Bf7 22. Bc5 Rfd8 23. Be7 Rdc8 24. c5 Nd7 25. Ne2 Nf6 26. Nd4 Ne4 27. Bxe4 dxe4
28. Bd6 a5 29. a3 Ra7 30. Re3 Rb7 31. Kc2 Bd5 32. h3 h5 33. g3 1/2-1/2

[Event "26th WSCC 2016 Open 65+"]
[Site "Marianske Lazne, Czech Republic - Hotel Cristal and Continental"]
[Date "2016.11.20"]
[Round "2.16"]
[White "Joukl, Zdenek"]
[Black "Pushkov, Nikolai"]
[Result "0-1"]
[WhiteElo "2108"]
[BlackElo "2325"]
[PlyCount "82"]
[EventDate "2016.11.19"]

1. d4 Nf6 2. Bg5 e6 3. Nd2 d5 4. e3 Nbd7 5. Bd3 Be7 6. Ngf3 O-O 7. O-O b6 8. c3
Bb7 9. Qb1 h6 10. Bh4 Nh5 11. Bxe7 Qxe7 12. a4 e5 13. dxe5 Nxe5 14. Nxe5 Qxe5
15. Nf3 Qe7 16. a5 Nf6 17. a6 Bc8 18. Bf5 c5 19. Bxc8 Raxc8 20. Qf5 Rfe8 21.
Rfd1 Qe6 22. Qd3 g6 23. h3 Kg7 24. Kf1 Qc6 25. Ng1 Re4 26. Ne2 Rd8 27. b3 Rd7
28. Rd2 b5 29. Ra5 b4 30. cxb4 Rxb4 31. Qc3 Qb6 32. Ra3 d4 33. exd4 Ne4 34.
dxc5+ Nxc3 35. cxb6 Rxd2 36. Nxc3 Rxb6 37. Ne4 Rb2 38. Nc5 Rb5 39. Nb7 R5xb3
40. Ra5 Rc3 41. g3 Rcc2 0-1

[Event "26th WSCC 2016 Open 65+"]
[Site "Marianske Lazne, Czech Republic - Hotel Cristal and Continental"]
[Date "2016.11.20"]
[Round "2.17"]
[White "Werner, Clemens"]
[Black "Ricter, Jean-Paul"]
[Result "1-0"]
[WhiteElo "2325"]
[BlackElo "2108"]
[PlyCount "69"]
[EventDate "2016.11.19"]

1. e4 d6 2. d4 Nf6 3. Nc3 Nbd7 4. f4 e5 5. Nf3 exd4 6. Qxd4 c6 7. Bd2 d5 8.
exd5 Bc5 9. Qd3 O-O 10. dxc6 bxc6 11. O-O-O Rb8 12. Nd4 Qc7 13. Nb3 Bd6 14. g3
Nc5 15. Nxc5 Bxc5 16. Qc4 Be7 17. Bg2 Bd7 18. b3 Rb4 19. Qe2 Bf5 20. h3 Re8 21.
Rhe1 Qb6 22. Kb2 Bd7 23. Qd3 a5 24. Be3 Qb7 25. a3 Rb6 26. Bxb6 Qxb6 27. g4 Qc5
28. Rxe7 Rxe7 29. Qd4 Qxd4 30. Rxd4 Be8 31. Rd8 Rd7 32. Rxd7 Bxd7 33. Na4 Nd5
34. Bxd5 cxd5 35. Nb6 1-0

[Event "26th WSCC 2016 Open 65+"]
[Site "Marianske Lazne, Czech Republic - Hotel Cristal and Continental"]
[Date "2016.11.20"]
[Round "2.18"]
[White "Pacl, Vaclav"]
[Black "Khanukov, Boris"]
[Result "1/2-1/2"]
[WhiteElo "2104"]
[BlackElo "2320"]
[PlyCount "77"]
[EventDate "2016.11.19"]

1. d4 Nf6 2. Bf4 e6 3. e3 c5 4. c3 d5 5. Nd2 Nc6 6. Ngf3 Bd6 7. Bg3 O-O 8. Bd3
Re8 9. Ne5 Qc7 10. f4 Ne7 11. Qf3 b6 12. O-O Ng6 13. h4 Bb7 14. h5 Nf8 15. f5
exf5 16. Bxf5 h6 17. Bh2 Rad8 18. Qh3 Bc8 19. Qh4 Rxe5 20. dxe5 Bxe5 21. Nf3
Bxh2+ 22. Nxh2 Qe5 23. Bxc8 Rxc8 24. Ng4 Nxg4 25. Qxg4 Re8 26. Rf3 Nh7 27. Raf1
Ng5 28. Rg3 Ne4 29. Rh3 Nf6 30. Qf5 Re6 31. Rf4 Qxf5 32. Rxf5 Kf8 33. Rhf3 Re4
34. Rh3 Ke7 35. Rf4 Re5 36. g4 Rg5 37. Rh4 Re5 38. Rh3 Rg5 39. Rh4 1/2-1/2

[Event "26th WSCC 2016 Open 65+"]
[Site "Marianske Lazne, Czech Republic - Hotel Cristal and Continental"]
[Date "2016.11.20"]
[Round "2.19"]
[White "Mishuchkov, Nikolai M"]
[Black "Vavruska, Antonin"]
[Result "1-0"]
[WhiteElo "2319"]
[BlackElo "2096"]
[PlyCount "79"]
[EventDate "2016.11.19"]

1. Nf3 f5 2. c4 Nf6 3. g3 d6 4. Nc3 e6 5. Bg2 Be7 6. O-O O-O 7. b4 Qe8 8. a4
Qh5 9. d3 e5 10. e3 Nbd7 11. a5 Rb8 12. Nd2 Qh6 13. Nb3 a6 14. f4 c6 15. b5
cxb5 16. cxb5 Kh8 17. b6 e4 18. dxe4 fxe4 19. Nxe4 Nxe4 20. Bxe4 Nf6 21. Bf3 d5
22. Nd4 Bc5 23. Ba3 Bxa3 24. Rxa3 Bd7 25. Rf2 Rbc8 26. Rc2 Qg6 27. Rac3 h5 28.
Rxc8 Bxc8 29. Rc7 Qe8 30. Qc1 h4 31. Qa3 Rf7 32. Rxf7 Qxf7 33. Qd6 Bh3 34. f5
Qe8 35. Qf4 Kg8 36. gxh4 Qa4 37. Kf2 Qxa5 38. Ne6 d4 39. Qb8+ Kh7 40. Ng5+ {Qe5
} 1-0

[Event "26th WSCC 2016 Open 65+"]
[Site "Marianske Lazne, Czech Republic - Hotel Cristal and Continental"]
[Date "2016.11.20"]
[Round "2.20"]
[White "Montero Martinez, Cristhian"]
[Black "Neckar, Lubomir"]
[Result "0-1"]
[WhiteElo "2089"]
[BlackElo "2319"]
[PlyCount "63"]
[EventDate "2016.11.19"]

1. d4 d5 2. Nf3 Nf6 3. c4 e6 4. Nc3 Be7 5. Bf4 O-O 6. e3 Nbd7 7. c5 Nh5 8. Bd3
Nxf4 9. exf4 c6 10. O-O Qc7 11. Ne5 Nxe5 12. fxe5 b6 13. b4 bxc5 14. bxc5 Qa5
15. Qc2 g6 16. Rfb1 Kg7 17. Rb3 f6 18. f4 fxe5 19. fxe5 Bg5 20. Ne2 Rf7 21. Qc3
Qd8 22. Kh1 Rf2 23. Ng1 Bd2 24. Qc2 Be3 25. Qc3 Qh4 26. Nf3 Rxf3 27. gxf3 Bxd4
28. Qe1 Qf4 29. Kg2 Bxe5 30. Rab1 Qxh2+ 31. Kf1 Bd4 32. Qa5 0-1

[Event "26th WSCC 2016 Open 65+"]
[Site "Marianske Lazne, Czech Republic - Hotel Cristal and Continental"]
[Date "2016.11.20"]
[Round "2.21"]
[White "Giffard, Nicolas"]
[Black "Ashby, Anthony C"]
[Result "1-0"]
[WhiteElo "2313"]
[BlackElo "2074"]
[PlyCount "77"]
[EventDate "2016.11.19"]

1. d4 Nf6 2. c4 c5 3. d5 e5 4. Nc3 d6 5. e4 Be7 6. g3 O-O 7. Bg2 Nbd7 8. Nge2
Ne8 9. O-O g6 10. Kh1 Ng7 11. Ng1 f5 12. f4 a6 13. Nf3 Bf6 14. a4 b6 15. Ra3
Ra7 16. Rb3 h5 17. exf5 gxf5 18. Ng5 Bxg5 19. fxg5 Qe8 20. Ne2 Rb7 21. Qc2 Nb8
22. Nc3 Bd7 23. Ra3 b5 24. axb5 axb5 25. cxb5 Bxb5 26. Nxb5 Qxb5 27. Rd1 Qb6
28. Bf1 Ra7 29. Bd2 Raf7 30. Bc4 Qd8 31. Ra8 Qe7 32. g6 Rf6 33. Bg5 Nd7 34. Ra7
Qe8 35. Bxf6 Nxf6 36. Ra6 Ng4 37. Rxd6 Ne3 38. Qc1 Nxd1 39. Qh6 1-0

[Event "26th WSCC 2016 Open 65+"]
[Site "Marianske Lazne, Czech Republic - Hotel Cristal and Continental"]
[Date "2016.11.20"]
[Round "2.22"]
[White "Nickl, Klaus"]
[Black "Sloth, Jorn"]
[Result "0-1"]
[WhiteElo "2075"]
[BlackElo "2312"]
[PlyCount "82"]
[EventDate "2016.11.19"]

1. d4 d6 2. Nf3 Nf6 3. Bf4 c6 4. c3 Qb6 5. Qc1 c5 6. e3 Nc6 7. Nbd2 cxd4 8.
exd4 Bg4 9. Be2 e6 10. O-O Rc8 11. Qb1 Be7 12. Nc4 Qd8 13. Re1 O-O 14. Ne3 Bxf3
15. Bxf3 d5 16. h3 b5 17. Be2 Qb6 18. a3 Na5 19. b4 Nb7 20. Rc1 Bd6 21. Bxd6
Nxd6 22. a4 Nfe4 23. Qd3 a6 24. f3 Nf6 25. g4 Nc4 26. axb5 axb5 27. Nxc4 dxc4
28. Qe3 e5 29. Qf2 exd4 30. Qxd4 Qxd4+ 31. cxd4 Rfd8 32. Ra5 Rb8 33. Bxc4 bxc4
34. Rxc4 Nd5 35. b5 g5 36. Rc5 h6 37. Ra6 Kg7 38. Ra7 Rb6 39. Ra6 Rb7 40. Kf2
Nc7 41. Ra4 Ne6 0-1

[Event "26th WSCC 2016 Open 65+"]
[Site "Marianske Lazne, Czech Republic - Hotel Cristal and Continental"]
[Date "2016.11.20"]
[Round "2.23"]
[White "Van Riemsdijk, Herman C"]
[Black "Sand, Rolf"]
[Result "1-0"]
[WhiteElo "2309"]
[BlackElo "2068"]
[PlyCount "35"]
[EventDate "2016.11.19"]

1. e4 c5 2. Nf3 d6 3. d4 cxd4 4. Nxd4 Nf6 5. Nc3 a6 6. Bc4 e6 7. Bb3 b5 8. O-O
Be7 9. Qf3 Qb6 10. Be3 Qb7 11. Qg3 O-O 12. Bh6 Ne8 13. Rfe1 Kh8 14. Bg5 Nf6 15.
Qh4 Nc6 16. Nxc6 Qxc6 17. Re3 e5 18. Nd5 1-0

[Event "26th WSCC 2016 Open 65+"]
[Site "Marianske Lazne, Czech Republic - Hotel Cristal and Continental"]
[Date "2016.11.20"]
[Round "2.25"]
[White "Mueller, Lutz"]
[Black "Kelleher, William"]
[Result "0-1"]
[WhiteElo "2070"]
[BlackElo "2292"]
[PlyCount "52"]
[EventDate "2016.11.19"]

1. d4 d5 2. Nf3 Nf6 3. e3 c6 4. c4 e6 5. Nc3 Nbd7 6. Qc2 Bd6 7. Bd2 a6 8. cxd5
exd5 9. Bd3 c5 10. dxc5 Nxc5 11. Be2 Bd7 12. Rd1 Rc8 13. Qb1 O-O 14. O-O Re8
15. Bc1 g6 16. Nxd5 Bf5 17. Nxf6+ Qxf6 18. Qa1 Bc2 19. Rd4 Red8 20. Bd2 Ne6 21.
Bc3 Nxd4 22. Bxd4 Qf5 23. Bb6 Re8 24. b3 Be4 25. Nd4 Qf6 26. Ba5 Qe5 0-1

[Event "26th WSCC 2016 Open 65+"]
[Site "Marianske Lazne, Czech Republic - Hotel Cristal and Continental"]
[Date "2016.11.20"]
[Round "2.26"]
[White "Hjertenes, Oystein"]
[Black "Shvedchikov, Anatoli I"]
[Result "1/2-1/2"]
[WhiteElo "2060"]
[BlackElo "2281"]
[PlyCount "45"]
[EventDate "2016.11.19"]

1. Nf3 Nf6 2. c4 c5 3. g3 b6 4. Bg2 Bb7 5. O-O e6 6. Nc3 Be7 7. b3 O-O 8. Bb2
d6 9. e3 d5 10. cxd5 Nxd5 11. Nxd5 Bxd5 12. d4 cxd4 13. Bxd4 Nc6 14. Bb2 Bf6
15. Bxf6 Qxf6 16. Qe2 Be4 17. Nd2 Bxg2 18. Kxg2 Rfd8 19. Rfd1 Qb2 20. Kf1 Nb4
21. Nc4 Qxe2+ 22. Kxe2 Rxd1 23. Kxd1 1/2-1/2

[Event "26th WSCC 2016 Open 65+"]
[Site "Marianske Lazne, Czech Republic - Hotel Cristal and Continental"]
[Date "2016.11.20"]
[Round "2.27"]
[White "Lederman, Leon"]
[Black "Andersson, Kaj"]
[Result "1-0"]
[WhiteElo "2280"]
[BlackElo "2057"]
[PlyCount "110"]
[EventDate "2016.11.19"]

1. e4 c5 2. Nf3 d6 3. d4 cxd4 4. Nxd4 Nf6 5. Nc3 a6 6. f4 e5 7. Nf3 Qc7 8. Bd3
Be7 9. a3 Nbd7 10. O-O exf4 11. Bxf4 Ne5 12. Qe1 O-O 13. Kh1 Bd7 14. Nxe5 dxe5
15. Bg5 Be6 16. Bxf6 Bxf6 17. Rxf6 gxf6 18. Qh4 Rfd8 19. Rf1 Kf8 20. Qxf6 Ke8
21. Nd5 Bxd5 22. exd5 Qe7 23. Qg7 f6 24. Qg4 Rd6 25. c4 Rad8 26. Bf5 b5 27.
Qg8+ Qf8 28. Qxh7 R8d7 29. Bxd7+ Rxd7 30. Qg6+ Qf7 31. Rxf6 Qxg6 32. Rxg6 bxc4
33. Re6+ Kf7 34. Rxe5 Rb7 35. h4 Rxb2 36. Re6 Rd2 37. Rc6 Rd4 38. g3 a5 39. Kg2
a4 40. Kh3 Kg7 41. h5 Kh7 42. g4 Rxd5 43. Rxc4 Rd3+ 44. Kh4 Rxa3 45. Rc7+ Kg8
46. Kg5 Rb3 47. Ra7 Rb5+ 48. Kh4 Rb4 49. h6 Rc4 50. Kh5 Rc5+ 51. g5 Rc4 52.
Ra8+ Kf7 53. g6+ Kf6 54. Rf8+ Ke7 55. g7 Rc3 1-0

[Event "26th WSCC 2016 Open 65+"]
[Site "Marianske Lazne, Czech Republic - Hotel Cristal and Continental"]
[Date "2016.11.20"]
[Round "2.28"]
[White "Hoeschele, Hans-Ulrich"]
[Black "Gutkin, Boris"]
[Result "1/2-1/2"]
[WhiteElo "2057"]
[BlackElo "2275"]
[PlyCount "102"]
[EventDate "2016.11.19"]

1. d4 Nf6 2. Nf3 g6 3. g3 Bg7 4. Bg2 O-O 5. Nbd2 c5 6. c3 cxd4 7. Nxd4 Nc6 8.
O-O Nxd4 9. cxd4 d5 10. Nb3 Bf5 11. Bf4 Rc8 12. Rc1 Qb6 13. Qd2 Ne4 14. Bxe4
dxe4 15. Be3 Qb5 16. Rc5 Qd7 17. Rfc1 b6 18. R5c3 h5 19. Bh6 Qd5 20. Bxg7 Kxg7
21. Qf4 Rxc3 22. Rxc3 Rc8 23. Rxc8 Bxc8 24. Qe5+ Qxe5 25. dxe5 Be6 26. f3 exf3
27. exf3 g5 28. Kf2 Kg6 29. Ke3 Kf5 30. Nd4+ Kxe5 31. Nc6+ Kd6 32. Nxa7 Kc5 33.
a4 Kb4 34. Nc6+ Kxa4 35. f4 f6 36. Kd2 Bg4 37. Nxe7 gxf4 38. gxf4 f5 39. Kc3 b5
40. b4 h4 41. Nc6 Bf3 42. Ne5 Be4 43. Nd7 Ka3 44. Nc5 Bg2 45. Ne6 Ka4 46. Nc5+
Ka3 47. Nb3 Ka4 48. Nd4 Be4 49. Ne6 Ka3 50. Nc7 Ka4 51. Na6 Ka3 1/2-1/2

[Event "26th WSCC 2016 Open 65+"]
[Site "Marianske Lazne, Czech Republic - Hotel Cristal and Continental"]
[Date "2016.11.20"]
[Round "2.29"]
[White "Gamboa Gonzalez, Anibal"]
[Black "Frick, Christoph"]
[Result "0-1"]
[WhiteElo "2040"]
[BlackElo "2275"]
[PlyCount "54"]
[EventDate "2016.11.19"]

1. c4 c6 2. Nc3 d5 3. Nf3 Nf6 4. e3 e6 5. d4 Nbd7 6. Qc2 Bd6 7. Bd3 dxc4 8.
Bxc4 b5 9. Bd3 a6 10. Ne4 Nxe4 11. Bxe4 Bb7 12. O-O Rc8 13. Rd1 Nf6 14. Bd3 c5
15. Qe2 Ne4 16. Bxe4 Bxe4 17. a4 c4 18. axb5 axb5 19. Nd2 Bc2 20. Re1 Bb4 21.
Qh5 Qd5 22. Qg4 O-O 23. e4 Qd7 24. d5 f5 25. dxe6 Qxe6 26. Qh3 Rcd8 27. Ra7 Qb6
0-1

[Event "26th WSCC 2016 Open 65+"]
[Site "Marianske Lazne, Czech Republic - Hotel Cristal and Continental"]
[Date "2016.11.20"]
[Round "2.30"]
[White "Gruzmann, Boris"]
[Black "Myall, Ivan J"]
[Result "1/2-1/2"]
[WhiteElo "2268"]
[BlackElo "2042"]
[PlyCount "48"]
[EventDate "2016.11.19"]

1. e4 d5 2. exd5 Nf6 3. Bb5+ Nbd7 4. Nc3 a6 5. Be2 Nb6 6. d4 Nbxd5 7. Nxd5 Nxd5
8. Nf3 e6 9. O-O Bd6 10. g3 h6 11. c4 Nf6 12. Qb3 O-O 13. Rd1 c6 14. Ne5 Qc7
15. Nd3 Qe7 16. Bf3 Nd7 17. Be3 e5 18. dxe5 Nxe5 19. Nxe5 Bxe5 20. Re1 Qf6 21.
Bc5 Bd6 22. Bxd6 Qxd6 23. Qb6 Qf6 24. Bg2 Rb8 1/2-1/2

[Event "26th WSCC 2016 Open 65+"]
[Site "Marianske Lazne, Czech Republic - Hotel Cristal and Continental"]
[Date "2016.11.20"]
[Round "2.31"]
[White "Leitner, Walter"]
[Black "Sorensen, Bent"]
[Result "0-1"]
[WhiteElo "2039"]
[BlackElo "2263"]
[PlyCount "78"]
[EventDate "2016.11.19"]

1. d4 e6 2. Bf4 d5 3. e3 Bd6 4. Bg3 Qe7 5. Nf3 Nd7 6. c3 c6 7. Nbd2 e5 8. dxe5
Nxe5 9. Nxe5 Bxe5 10. Qh5 Bxg3 11. hxg3 h6 12. Be2 Nf6 13. Qh4 Be6 14. Qa4 O-O
15. Qc2 c5 16. Rh4 Rfd8 17. b3 d4 18. Nf1 dxc3 19. Qxc3 Nd5 20. Qb2 Nb4 21. Nd2
Bf5 22. e4 Rd4 23. a3 Nd3+ 24. Bxd3 Rxd3 25. O-O-O Be6 26. Nc4 Bxc4 27. bxc4
Rxd1+ 28. Kxd1 Rd8+ 29. Ke2 Rd4 30. Qc2 Qe6 31. f3 Rxc4 32. Qb2 Rd4 33. Rh1 Qd6
34. Qxb7 Rd2+ 35. Ke3 Qd4+ 36. Kf4 Qf6+ 37. Ke3 Rd8 38. Qb3 Qd4+ 39. Kf4 Qd2+
0-1